000 00503nam a2200181Ia 4500
005 20250326124201.0
008 250326s9999 xx 000 0 und d
037 _aTextbook
040 _aFMSL
_beng
_cFMSL
041 _aeng
_2eng
084 _aX:51 L0
_qFMSL
100 _aMazze E M
_9736851
245 0 _aIntroducation to marketing: readings in the discipline
_cMazze E M
260 _aUSA
_bUSA, Chandler
_c1970
300 _a362p
942 _cTB
_hX:51 L0
999 _c1272626
_d1272626